| 000 | 00799nam a22002297a 4500 | ||
|---|---|---|---|
| 999 |
_c830 _d830 |
||
| 005 | 20250224105856.0 | ||
| 008 | 230427b ||||| |||| 00| 0 eng d | ||
| 020 | _a9780135245941 | ||
| 040 | _cKCST | ||
| 082 |
_a428.34 _bFe Un |
||
| 100 |
_aFettig, Cynthia _95738 |
||
| 245 |
_aUniversity success : listening and speaking : beginning / _cCynthia Fettig |
||
| 260 |
_a Hoboken, NJ: _bPearson Education; _c2020. |
||
| 300 |
_a1 vol. (xx-216 p.): _bill. in col. ; _c28cm. |
||
| 521 | _aPublic level: CEFR A1, Global Scale of English (GSE): 22-32. | ||
| 650 |
_aEnglish (language) _92090 |
||
| 650 |
_aLanguage Study and Teaching _95739 |
||
| 650 |
_aEnglish Speakers _95740 |
||
| 650 |
_aProblems and exercises _95741 |
||
| 650 |
_aEnglish Vocabularies and Phrasebooks _95742 |
||
| 942 |
_2ddc _cCTBK |
||